La leyenda de Al-Qit

I tiakina i:
Ngā taipitopito rārangi puna kōrero
Kaituhi matua: Vidal Manzanares, César (Author)
Hōputu: Pukapuka
Reo:Pāniora
I whakaputaina: Madrid Grupo Santillana de Ediciones 1999
Putanga:1a. ed
Rangatū:Alfaguara Serie Roja
Ngā marau:
Ngā Tūtohu: Tāpirihia he Tūtohu
Kāore He Tūtohu, Me noho koe te mea tuatahi ki te tūtohu i tēnei pūkete!

MARC

LEADER 00000cam a2200000 a 4500
001 UCF7455
003 CL-VaPUC
008 130627e19990000SP |||||||||||||||||spa|d
020 |a 8420449202 
082 0 4 |a 863  |b VID  |2 21 
100 0 |a Vidal Manzanares, César  |e author  |9 569497 
245 1 3 |a La leyenda de Al-Qit 
250 |a 1a. ed 
300 |a 161 p 
942 |c BK 
945 |d 20130627 00:00:00  |a cmena 
260 |a Madrid  |b Grupo Santillana de Ediciones  |c 1999 
650 0 |a Novelas españolas  |9 265052 
650 0 |a Novelas juveniles  |9 545094 
650 0 |a Literatura española  |9 306261 
583 |a last modification  |c 20130627 13:18:00  |k Rodrigo Vera 
490 0 |a Alfaguara Serie Roja 
999 |c 352285  |d 352283